| 000 | 00850nam a2200277Ia 4500 | ||
|---|---|---|---|
| 001 | Para_8234 | ||
| 003 | CHAP | ||
| 008 | 220125s1906 xx 000 0 und d | ||
| 010 | _a207146 | ||
| 040 | _cCHAP | ||
| 082 | _aPA-C 595.752 A6 | ||
| 100 |
_aChittenden, F. H. _922634 |
||
| 245 |
_aThe melon aphis (Aphis gossypii Glov.) / _c by F.H. Chittenden |
||
| 260 |
_aWashington : _b EUA. Department of Agriculture |
||
| 300 | _a16 p. | ||
| 440 |
_aAphidae;6 _9173631 |
||
| 500 | _aEncuadernado con otros impresos similares | ||
| 650 |
_a _x Afididos _x Colecciones de escritos _x Aphis gossypii _x Melón _x plagas _x Sandia _x plagas _9173632 |
||
| 901 | _aPA-C 595.752 A6 | ||
| 902 | _aA | ||
| 905 | _a0000001906 a 0000000000 00 | ||
| 910 | _a1906 | ||
| 942 | _cPARA | ||
| 942 |
_cPARA _d1 |
||
| 999 |
_c207146 _d207146 |
||